000 00634nam a2200241Ia 4500
005 20260306145845.0
008 008 260114s9999 xx 000 0 eng d
020 _a9789027259707
037 _aEbook
040 _aCRL
040 _beng
040 _cCRL
041 _2eng
041 _aeng
084 _qCRL
245 0 _aCultural-Linguistic Explorations into Spirituality, Emotionality, and Society
260 _bJohn Benjamins Publishing Company
260 _c2021
650 _aLinguistics and Semiotics
856 _uhttps://www.degruyter.com/isbn/9789027259707
942 _cEBOOK
999 _c1691662
_d1691662